| 000 | 00906nam a22002651 4500 | ||
|---|---|---|---|
| 001 | 20833 | ||
| 003 | BD-RjUL | ||
| 005 | 20211209000622.0 | ||
| 008 | 140302s1947 nyu 001 1 eng | ||
| 035 | _a(BD-RjUL) 20895 | ||
| 035 | _a(OCoLC)5814966 | ||
| 040 |
_aDLC _cTxCM _dBD-RjUL _beng |
||
| 041 | _aeng | ||
| 082 |
_a822.34 _bTOA 1947 |
||
| 100 | 1 |
_aTownsend, Freda L. _q(Freda Liverant), _d1918- _964349 |
|
| 245 | 1 | 0 |
_aApologie for Bartholomew Fayre : _bthe art of Jonson's comedies / _cFreda L. Townsend. |
| 260 |
_aNew York ; London : _bThe Modern Language Association of America;Oxford University Press, _cc1947. |
||
| 300 |
_aix, 101 p. ; _c22 cm. |
||
| 490 | 0 |
_aThe Modern Language Association of America. Revolving fund series. _vXV |
|
| 504 | _aIncludes index. | ||
| 600 | 1 | 0 |
_aJonson, Ben _d1573?-1637 _xComedies. _964350 |
| 942 |
_2ddc _cBK |
||
| 999 |
_c20833 _d20833 |
||